<?xml version="1.0" encoding="UTF-8"?>
<collection xmlns="http://www.loc.gov/MARC21/slim">
 <record>
  <leader>06067cam a2200841   4500</leader>
  <controlfield tag="001">821534335</controlfield>
  <controlfield tag="003">DE-627</controlfield>
  <controlfield tag="005">20240927202552.0</controlfield>
  <controlfield tag="007">tu</controlfield>
  <controlfield tag="008">150401s2015    sz |||||      00| ||ger c</controlfield>
  <datafield tag="015" ind1=" " ind2=" ">
   <subfield code="a">15,N14</subfield>
   <subfield code="2">dnb</subfield>
  </datafield>
  <datafield tag="016" ind1="7" ind2=" ">
   <subfield code="a">1068949538</subfield>
   <subfield code="2">DE-101</subfield>
  </datafield>
  <datafield tag="020" ind1=" " ind2=" ">
   <subfield code="a">3035605866</subfield>
   <subfield code="c"> : Broschur : EUR 49.95 (DE)</subfield>
   <subfield code="9">3-0356-0586-6</subfield>
  </datafield>
  <datafield tag="020" ind1=" " ind2=" ">
   <subfield code="a">9783035605860</subfield>
   <subfield code="c">Gb. : EUR 49.95 (DE), EUR 51.40 (AT), sfr 66.90 (freier Pr.)</subfield>
   <subfield code="9">978-3-0356-0586-0</subfield>
  </datafield>
  <datafield tag="024" ind1="3" ind2=" ">
   <subfield code="a">9783035605860</subfield>
  </datafield>
  <datafield tag="035" ind1=" " ind2=" ">
   <subfield code="a">(DE-627)821534335</subfield>
  </datafield>
  <datafield tag="035" ind1=" " ind2=" ">
   <subfield code="a">(DE-576)429739826</subfield>
  </datafield>
  <datafield tag="035" ind1=" " ind2=" ">
   <subfield code="a">(DE-599)DNB1068949538</subfield>
  </datafield>
  <datafield tag="035" ind1=" " ind2=" ">
   <subfield code="a">(OCoLC)933291577</subfield>
  </datafield>
  <datafield tag="035" ind1=" " ind2=" ">
   <subfield code="a">(OCoLC)906174580</subfield>
  </datafield>
  <datafield tag="035" ind1=" " ind2=" ">
   <subfield code="a">(OCoLC)932261013</subfield>
  </datafield>
  <datafield tag="040" ind1=" " ind2=" ">
   <subfield code="a">DE-627</subfield>
   <subfield code="b">ger</subfield>
   <subfield code="c">DE-627</subfield>
   <subfield code="e">rda</subfield>
  </datafield>
  <datafield tag="041" ind1=" " ind2=" ">
   <subfield code="a">ger</subfield>
   <subfield code="a">eng</subfield>
  </datafield>
  <datafield tag="044" ind1=" " ind2=" ">
   <subfield code="c">XA-CH</subfield>
   <subfield code="c">XA-DE</subfield>
  </datafield>
  <datafield tag="050" ind1=" " ind2="0">
   <subfield code="a">TR659</subfield>
  </datafield>
  <datafield tag="082" ind1="0" ind2=" ">
   <subfield code="a">778.9/4</subfield>
   <subfield code="2">23</subfield>
  </datafield>
  <datafield tag="082" ind1="0" ind2=" ">
   <subfield code="a">720</subfield>
  </datafield>
  <datafield tag="082" ind1="0" ind2="4">
   <subfield code="a">770</subfield>
   <subfield code="q">DNB</subfield>
  </datafield>
  <datafield tag="082" ind1="0" ind2="4">
   <subfield code="a">720</subfield>
  </datafield>
  <datafield tag="084" ind1=" " ind2=" ">
   <subfield code="a">9,11</subfield>
   <subfield code="2">ssgn</subfield>
  </datafield>
  <datafield tag="084" ind1=" " ind2=" ">
   <subfield code="a">LH 67325</subfield>
   <subfield code="q">BVB</subfield>
   <subfield code="2">rvk</subfield>
   <subfield code="0">(DE-625)rvk/94601:</subfield>
  </datafield>
  <datafield tag="084" ind1=" " ind2=" ">
   <subfield code="a">ZH 3780</subfield>
   <subfield code="q">BVB</subfield>
   <subfield code="2">rvk</subfield>
   <subfield code="0">(DE-625)rvk/156124:</subfield>
  </datafield>
  <datafield tag="084" ind1=" " ind2=" ">
   <subfield code="a">AP 95900</subfield>
   <subfield code="2">rvk</subfield>
   <subfield code="0">(DE-625)rvk/8183:</subfield>
  </datafield>
  <datafield tag="084" ind1=" " ind2=" ">
   <subfield code="a">21.40</subfield>
   <subfield code="2">bkl</subfield>
  </datafield>
  <datafield tag="090" ind1=" " ind2=" ">
   <subfield code="a">a</subfield>
  </datafield>
  <datafield tag="245" ind1="1" ind2="0">
   <subfield code="a">Vom Nutzen der Architekturfotografie</subfield>
   <subfield code="b">Positionen zur Beziehung von Bild und Architektur = Architectural photography and its uses : positions on the relationship between image and architecture</subfield>
   <subfield code="c">Angelika Fitz, Gabriele Lenz mit/with ig-architekturfotografie (Hg./Ed.)</subfield>
  </datafield>
  <datafield tag="246" ind1="3" ind2="1">
   <subfield code="a">Architectural photography and its uses</subfield>
   <subfield code="b">positions on the relationship between image and architecture</subfield>
  </datafield>
  <datafield tag="264" ind1=" " ind2="1">
   <subfield code="a">Basel</subfield>
   <subfield code="b">Birkhäuser</subfield>
   <subfield code="c">[2015]</subfield>
  </datafield>
  <datafield tag="264" ind1=" " ind2="4">
   <subfield code="c">© 2015</subfield>
  </datafield>
  <datafield tag="300" ind1=" " ind2=" ">
   <subfield code="a">285 Seiten</subfield>
   <subfield code="b">überwiegend Illustrationen</subfield>
   <subfield code="c">280 mm x 210 mm</subfield>
  </datafield>
  <datafield tag="336" ind1=" " ind2=" ">
   <subfield code="a">Text</subfield>
   <subfield code="b">txt</subfield>
   <subfield code="2">rdacontent</subfield>
  </datafield>
  <datafield tag="336" ind1=" " ind2=" ">
   <subfield code="a">unbewegtes Bild</subfield>
   <subfield code="b">sti</subfield>
   <subfield code="2">rdacontent</subfield>
  </datafield>
  <datafield tag="337" ind1=" " ind2=" ">
   <subfield code="a">ohne Hilfsmittel zu benutzen</subfield>
   <subfield code="b">n</subfield>
   <subfield code="2">rdamedia</subfield>
  </datafield>
  <datafield tag="338" ind1=" " ind2=" ">
   <subfield code="a">Band</subfield>
   <subfield code="b">nc</subfield>
   <subfield code="2">rdacarrier</subfield>
  </datafield>
  <datafield tag="500" ind1=" " ind2=" ">
   <subfield code="a">Text deutsch und englisch</subfield>
  </datafield>
  <datafield tag="520" ind1=" " ind2=" ">
   <subfield code="a">Photography and architecture have a long and intense relationship ; and both are accompanied by debates about how, as disciplines, they hover somewhere between service and art form. The book examines how photos are used to digitally reproduce, inform about, and archive buildings. Moreover, it is dedicated to the concept of the use of a building being the visual content of architectural photography, and also questions how the photograph influences the constructed reality. What is the status of architectural photography today? For one, photographs provide mass media exposure for the buildings; however, the photographers' own attitude, interests, and style result in highly individual images of the built reality. They tell their own stories of the building, decide whether to capture it occupied or not, dynamic or naturalistic, with or without context, as a new building or in use. How does this photographic perspective affect the way in which buildings and their architects are perceived? Many architects collaborate for long periods of time with specific photographers. How much do photographs influence the actual design? Which photos serve to publicize the building, which lend a new perspective? In today's flood of images, where there is almost no difference between photographs and renderings, this publication refreshingly brings architectural photography to the fore while allowing a peek behind the scenes. In eight richly illustrated chapters, the relationship between architecture and photography is subjected to a changing view. The different positions enter into a fascinating dialog. Insights and visual beauty go hand in hand</subfield>
  </datafield>
  <datafield tag="650" ind1=" " ind2="0">
   <subfield code="a">Architectural photography</subfield>
  </datafield>
  <datafield tag="650" ind1=" " ind2="0">
   <subfield code="a">Architecture and photography</subfield>
  </datafield>
  <datafield tag="655" ind1=" " ind2="7">
   <subfield code="a">Bildband</subfield>
   <subfield code="0">(DE-588)4145395-5</subfield>
   <subfield code="0">(DE-627)104450835</subfield>
   <subfield code="0">(DE-576)209741139</subfield>
   <subfield code="2">gnd-content</subfield>
  </datafield>
  <datafield tag="689" ind1="0" ind2="0">
   <subfield code="d">s</subfield>
   <subfield code="0">(DE-588)4002855-0</subfield>
   <subfield code="0">(DE-627)106391801</subfield>
   <subfield code="0">(DE-576)208848983</subfield>
   <subfield code="a">Architekturfotografie</subfield>
   <subfield code="2">gnd</subfield>
  </datafield>
  <datafield tag="689" ind1="0" ind2=" ">
   <subfield code="5">DE-101</subfield>
  </datafield>
  <datafield tag="689" ind1="1" ind2="0">
   <subfield code="d">s</subfield>
   <subfield code="0">(DE-588)4002855-0</subfield>
   <subfield code="0">(DE-627)106391801</subfield>
   <subfield code="0">(DE-576)208848983</subfield>
   <subfield code="a">Architekturfotografie</subfield>
   <subfield code="2">gnd</subfield>
  </datafield>
  <datafield tag="689" ind1="1" ind2=" ">
   <subfield code="5">(DE-627)</subfield>
  </datafield>
  <datafield tag="700" ind1="1" ind2=" ">
   <subfield code="a">Fitz, Angelika</subfield>
   <subfield code="d">1967-</subfield>
   <subfield code="e">HerausgeberIn</subfield>
   <subfield code="0">(DE-588)135812976</subfield>
   <subfield code="0">(DE-627)571672108</subfield>
   <subfield code="0">(DE-576)300659911</subfield>
   <subfield code="4">edt</subfield>
  </datafield>
  <datafield tag="700" ind1="1" ind2=" ">
   <subfield code="a">Lenz, Gabriele</subfield>
   <subfield code="e">HerausgeberIn</subfield>
   <subfield code="0">(DE-588)1057027545</subfield>
   <subfield code="0">(DE-627)795058209</subfield>
   <subfield code="0">(DE-576)413022412</subfield>
   <subfield code="4">edt</subfield>
  </datafield>
  <datafield tag="710" ind1="2" ind2=" ">
   <subfield code="a">IG Architekturfotografie</subfield>
   <subfield code="e">Herausgebendes Organ</subfield>
   <subfield code="0">(DE-588)1079604324</subfield>
   <subfield code="0">(DE-627)841270600</subfield>
   <subfield code="0">(DE-576)452830192</subfield>
   <subfield code="4">isb</subfield>
  </datafield>
  <datafield tag="776" ind1="1" ind2=" ">
   <subfield code="z">9783035605877</subfield>
   <subfield code="c"> : PDF</subfield>
  </datafield>
  <datafield tag="776" ind1="1" ind2=" ">
   <subfield code="z">9783035605891</subfield>
   <subfield code="c"> : ePub</subfield>
  </datafield>
  <datafield tag="776" ind1="0" ind2="8">
   <subfield code="i">Erscheint auch als</subfield>
   <subfield code="n">Online-Ausgabe</subfield>
   <subfield code="t">Vom Nutzen der Architekturfotografie</subfield>
   <subfield code="d">Basel : Birkhäuser, 2015</subfield>
   <subfield code="h">1 Online-Ressource (285 Seiten)</subfield>
   <subfield code="w">(DE-627)840818106</subfield>
   <subfield code="w">(DE-576)453058426</subfield>
   <subfield code="z">9783035605891</subfield>
   <subfield code="z">9783035605877</subfield>
  </datafield>
  <datafield tag="787" ind1="0" ind2="8">
   <subfield code="i">Rezensiert in</subfield>
   <subfield code="a">Mazurova, Eva</subfield>
   <subfield code="t">[Rezension von: Angelika Fitz (Hg.), Vom Nutzen der Architekturfotografie]</subfield>
   <subfield code="d">2016</subfield>
   <subfield code="w">(DE-627)1540321991</subfield>
   <subfield code="w">(DE-576)470321997</subfield>
  </datafield>
  <datafield tag="856" ind1="4" ind2="2">
   <subfield code="u">http://www.gbv.de/dms/weimar/toc/821534335_toc.pdf</subfield>
   <subfield code="m">V:DE-601</subfield>
   <subfield code="m">B:DE-Wim2</subfield>
   <subfield code="q">application/pdf</subfield>
   <subfield code="x">Verlag</subfield>
   <subfield code="y">Inhaltsverzeichnis</subfield>
   <subfield code="3">Inhaltsverzeichnis</subfield>
  </datafield>
  <datafield tag="856" ind1="4" ind2="2">
   <subfield code="u">http://deposit.dnb.de/cgi-bin/dokserv?id=5189016&amp;prov=M&amp;dok_var=1&amp;dok_ext=htm</subfield>
   <subfield code="m">X: MVB</subfield>
   <subfield code="q">text/html</subfield>
   <subfield code="v">2015-04-01</subfield>
   <subfield code="x">Verlag</subfield>
   <subfield code="3">Inhaltstext</subfield>
  </datafield>
  <datafield tag="935" ind1=" " ind2=" ">
   <subfield code="i">sf</subfield>
  </datafield>
  <datafield tag="935" ind1=" " ind2=" ">
   <subfield code="i">Blocktest</subfield>
  </datafield>
  <datafield tag="936" ind1="r" ind2="v">
   <subfield code="a">LH 67325</subfield>
   <subfield code="b">Architekturfotografie</subfield>
   <subfield code="k">Kunstgeschichte</subfield>
   <subfield code="k">Allgemeines. Allgemeine Kunstgeschichte</subfield>
   <subfield code="k">Kunstgeschichte einzelner Gattungen der Kunst</subfield>
   <subfield code="k">Architektur</subfield>
   <subfield code="k">Architekturfotografie</subfield>
   <subfield code="0">(DE-627)1393805191</subfield>
   <subfield code="0">(DE-625)rvk/94601:</subfield>
   <subfield code="0">(DE-576)323805191</subfield>
  </datafield>
  <datafield tag="936" ind1="r" ind2="v">
   <subfield code="a">ZH 3780</subfield>
   <subfield code="b">Architekturfotografie</subfield>
   <subfield code="k">Technik</subfield>
   <subfield code="k">Architektur</subfield>
   <subfield code="k">Architekturpraxis</subfield>
   <subfield code="k">Architekturfotografie</subfield>
   <subfield code="0">(DE-627)1270708120</subfield>
   <subfield code="0">(DE-625)rvk/156124:</subfield>
   <subfield code="0">(DE-576)200708120</subfield>
  </datafield>
  <datafield tag="936" ind1="r" ind2="v">
   <subfield code="a">AP 95900</subfield>
   <subfield code="b">Architektur</subfield>
   <subfield code="k">Allgemeines</subfield>
   <subfield code="k">Medien- und Kommunikationswissenschaften, Medienkulturwissenschaft, Kommunikationsdesign</subfield>
   <subfield code="k">Fotografie</subfield>
   <subfield code="k">Motive, Gattungen der künstlerischen Fotografie (auch Abbildungswerke)</subfield>
   <subfield code="k">Architektur</subfield>
   <subfield code="0">(DE-627)127063657X</subfield>
   <subfield code="0">(DE-625)rvk/8183:</subfield>
   <subfield code="0">(DE-576)20063657X</subfield>
  </datafield>
  <datafield tag="936" ind1="b" ind2="k">
   <subfield code="a">21.40</subfield>
   <subfield code="j">Photographie: Allgemeines</subfield>
   <subfield code="0">(DE-627)10640573X</subfield>
  </datafield>
  <datafield tag="951" ind1=" " ind2=" ">
   <subfield code="a">BO</subfield>
  </datafield>
  <datafield tag="990" ind1=" " ind2=" ">
   <subfield code="a">Architekturfotografie</subfield>
  </datafield>
  <datafield tag="990" ind1=" " ind2=" ">
   <subfield code="a">Architekturfotografie</subfield>
  </datafield>
  <datafield tag="991" ind1=" " ind2=" ">
   <subfield code="a">Rezensiertes Werk</subfield>
  </datafield>
  <datafield tag="999" ind1=" " ind2=" ">
   <subfield code="a">KXP-PPN821534335</subfield>
   <subfield code="e">4054911447</subfield>
  </datafield>
 </record>
</collection>
